000 01709nam0a22002771 4500
001 rc\4002052
005 20260407214431.0
021 _aRU
_b[56-17412]
035 _a(NLR Aleph) 008073568
090 _a9078322
_c9078322
100 _a20130415d1956 |||y0rusy50 ca
101 0 _arus
102 _aRU
105 _ay z |||||
200 1 _aВременная инструкция по применению хлорамина "ХБ" для дезинфекции оборудования, аппаратуры и инвентаря пищевых цехов мясокомбинатов
210 _aМосква
_cБ. и.
_d1956]
215 _a7 с.
_d20
423 0 _11010#$arus
_12001#$a[Временная инструкция по применению натриевого фенолята оксидифенила (окисидифенолята натрия - препарата Ф-5) при побелке$eУтв. М-вом пром-сти мясных и молочных продуктов СССР 20/I 1956 г.
_t[Временная инструкция по применению натриевого фенолята оксидифенила (окисидифенолята натрия - препарата Ф-5) при побелке
606 _aМясокомбинаты
_xДезинфекция
_2psbo
606 _aХлорамин "ХБ"
_xПрименение для дезинфекции
_2psbo
712 0 1 _aСССР
_bМинистерство промышленности мясных и молочных продуктов
_9782759
_3RU\NLR\AUTH\8810144132
801 0 _aRU
_bNLR
_gpsbo
801 1 _aRU
_bELAR
_2rusmarc
852 _aNLR
_jМд96 Г-4/2963
942 _cBOOK
980 _aNB